000 00924nam a22002537a 4500
005 20170124103104.0
010 _aA-151760
020 _c25.00
035 _aA-151760
037 _bCen Lib/Ret
040 _aDPL
_bHN
082 _a
_bराघव
100 _aराघव, रांगेय
_977924
245 _aदेवकी का बेटा /
_c रांगेय राघव
246 _aDevki ka beta
_bby Rangey Ragahv
260 _aदिल्ली
_bराजपाल एंड संस
_c1983
270 _aकश्मीरी गेट
_bदिल्ली
_e110006
300 _a121पृष्ठ.
_c20सेमी(सजिल्द)
650 _aहिंदी साहित्य
_977925
650 _aहिंदीउपन्यास
_9560
650 _aHindi literature
_977926
650 _aHindi novel
_977927
942 _2ddc
_cHN
_h
_mराघव
999 _c118007
_d118007